000 00776nam a2200229 a 4500
003 CBULib
005 20250725074823.0
008 091216s1992 ||||||||||||||||| || u
040 _aCBULib
_bEnglish
_cCBULib
_dCBULib
_erda
050 _aPAPERS/STAFF
100 _aKerre, Wanjala
245 1 0 _aTechnology capacity building for Africa
_c/by B.Wanjaka Kerre
260 _aKenyatta
_bKenyatta University
_c1992
300 _a21pages
336 _2rdacontent
_aText |
_btxt
337 _2rdamedia
_aUnmediated |
_bn
338 _2rdacarrier
_aVolume
_bnc
650 _aTECHNICAL ASSISTANCE--AFRICA, SUB-SAHARAN
650 _aTECHNOLOGY TRANSFER--ECONOMIC ASPECTS--AFRICA, SUB-SAHARAN
942 _2mc
_c023
999 _c59577
_d59577